| 000 | 00814cam a2200193 a 4500 | ||
|---|---|---|---|
| 020 | _a9027721017 | ||
| 040 | _cDLC | ||
| 082 | 0 | 0 | _a551 SOL 1985 A025 Or. |
| 245 | 1 | 4 | _aThe Deep Proterozoic crust in the North Atlantic provinces / |
| 260 |
_aDordrecht ; _aBoston : _bD. Reidel Pub. Co. ; _aHingham, MA : _bSold and distributed in the U.S.A. by Kluwer Academic, _cc1985. |
||
| 300 |
_axiii, 603 p. : _bill., maps ; _c25 cm. |
||
| 490 | 1 | _aNATO ASI series. Series C, Mathematical and physical sciences ; | |
| 500 | _a"Proceedings of the NATO Advanced Study Institute on the Deep Proterozoic Crust in the North Atlantic Provinces, Moi, Norway, 16-30 July, 1984"--T.p. verso. | ||
| 650 | 0 | _aGeology, Stratigraphic | |
| 650 | 0 | _aGeology | |
| 700 | 1 | _aTobi, Alex C., | |
| 700 | 1 | _aTouret, Jacques L. R., | |
| 942 | _cEK | ||
| 999 |
_c13681 _d13681 |
||